Manual de alergología / (Record no. 129616)

MARC details
000 -LEADER
campo de control de longitud fija 00579nam a2200193 i 4500
001 - NÚMERO DE CONTROL
campo de control 129616
003 - IDENTIFICADOR DE NÚMERO DE CONTROL
campo de control ES-MaACL
005 - FECHA Y HORA DE LA ÚLTIMA TRANSACCIÓN
campo de control 20230906193534.0
007 - CAMPO FIJO DE DESCRIPCIÓN FÍSICA--INFORMACIÓN GENERAL
campo de control de longitud fija t|
008 - DATOS DE LONGITUD FIJA--INFORMACIÓN GENERAL
campo de control de longitud fija 070627s1966 sp ||||1| spa d
080 ## - NÚMERO DE LA CLASIFICACIÓN DECIMAL UNIVERSAL
Número de la Clasificación Decimal Universal 616-056.3(02)
100 1# - ENTRADA PRINCIPAL--NOMBRE DE PERSONA
Nombre de persona Thiers, Henri.
9 (RLIN) 109957
245 10 - MENCIÓN DEL TÍTULO
Título Manual de alergología /
Mención de responsabilidad, etc. por Henri Thiers ; versión de J. García San Miguel.
250 ## - MENCION DE EDICION
Mención de edición [1ª ed.].
260 ## - PUBLICACIÓN, DISTRIBUCIÓN, ETC.
Lugar de publicación, distribución, etc. Barcelona :
Nombre del editor, distribuidor, etc. Toray Masson,
Fecha de publicación, distribución, etc. 1966.
300 ## - DESCRIPCIÓN FÍSICA
Extensión XII, 479 p. :
Otras características físicas il. ;
Dimensiones 25 cm.
700 1# - ENTRADA AGREGADA--NOMBRE PERSONAL
Nombre de persona García San Miguel, Juan.
9 (RLIN) 55253
852 ## - LOCALIZACIÓN
Ubicación ES-MaACL
Número de control de estantería C-30825
Sublocalización o colección R.70172
Holdings
Estatus retirado Estado de pérdida Estado de daño No para préstamo Biblioteca de origen Biblioteca actual Ubicación en estantería Fecha de adquisición Fuente de adquisición Total de préstamos Signatura topográfica completa Código de barras Visto por última vez Precio de reemplazo Tipo de ítem Koha
        Biblioteca del Ateneo de Madrid Biblioteca del Ateneo de Madrid Depósito 2 17/01/2008     C-30825 1134970 23/02/2023 23/02/2023 Libro impreso